Revista de Derecho UNED

Detalles Bibliográficos
Formato: Revista
Lenguaje:español
Publicado: Madrid : UNED, 2006-
Materias:
Acceso en línea:http://www.vlex.com/source/7238

MARC

LEADER 00000nas a22000007a 4500
005 20130315090931.0
007 cr|||| ||||
008 130315c20069999xxu r|p s|||| 0|||b1spa d
022 |a 18869912  
035 |a 7238 
040 |a vLex 
090 |c 3921  |d 3921 
245 0 0 |a Revista de Derecho UNED  |h [Recurso electrn̤ico]  
256 |a Servicio en ln̕ea 
260 |a Madrid :  |b UNED,  |c 2006- 
300 |a 1 Recurso electrn̤ico 
506 |d vLex Global  |d vLex Global (Academic Edition, excluding Law Schools)  |d vLex Global (U.S. Academic Edition, Law Schools)  |d vLex Global (U.S. Academic Edition, excluding Law Schools)  |d vLex Global (Academic Edition, Law Schools) 
650 0 4 |a Derecho  |v Revistas 
740 |a vLex Revistas (Servicio en ln̕ea) 
856 |a Acceso restringido  |u http://www.vlex.com/source/7238 
942 |c REV 
999 0 |a Law